000 01022nam a22002297a 4500
003 OSt
005 20251127092705.0
008 240405s2010 ag ||||| |||| 00| 0 spa d
020 _a978-987-23363-7-0
040 _cAR-RoUNCS
_aAR-RoUNCS
080 _076Porta Rubén
245 0 0 _aRubén Porta.
260 _aRosario :
_bEdiciones Castagnino+macro,
_c2010.
300 _a91 p. :
_bfot. byn ;
_c27 cm.
500 _aPresentación por Darío Maiorana.
504 _aIncluye notas y referencias bibliográficas a pie de página.
520 _aLa presente edición, fruto de trabajo conjunto entre el Museo Castagnino Macro y la Universidad Nacional de Rosario, Compila por primera vez, cuarenta años de producción visual del artista Rubén Porta. A través de una serie de ensayos de este libro ds cuenta de su vida, su acción académica y su compromiso político.
600 1 4 _aPorta, Rubén,
_d1925-2005
650 7 _2embne
_aGrabadores argentinos
655 7 _2embne
_aCatálogo de colecciones
942 _2udc
_cLPD
_n0
999 _c220
_d220